Attori e Attrici di Hollywood IV - Statistics

Statistiche generali
  • Questo quiz è stato fatto 115 volte
  • Il punteggio medio è 7 su 16
Statistiche sulle risposte
con Immagini Risposta % Corretto
Meryl Streep
87%
Ryan Gosling
86%
Russell Crowe
74%
Gwyneth Paltrow
56%
Matthew McConaughey
54%
Heat Ledger
50%
Amy Adams
41%
Christina Ricci
36%
Michael Fassbender
36%
Reese Witherspoon
29%
Sigourney Weaver
26%
Christopher Walken
24%
John Cusack
22%
Lupita Nyong'o
19%
Dennis Quaid
18%
Carey Mulligan
8%
Nessun quiz corrispondente trovato
Distribuzione punteggi
Percentuale di utenti per punteggio
Percentile per numero di risposta
I tuoi punteggi nel tempo
Non hai fatto questo quiz